00593cam a22002297a 4500003000500000005001700005008004100022010001000063011001000073035001000083040000900093082001500102100006300117245000900180260002800189300001000217490001800227650001000245650002100255710006900276830001800345CHAP20220329135900.0971013s1976 r 00010 d a43744 a44716 a48854 cCHAP a634.61bF800aFundación Servicio para el Agricultor. Cagua, Venezuela. 0aCoco a(s.l.) :b(s.e.),c1976 a93 p. 0aSerie Av; 4014aCoco.14aCocoxVenezuela.0 aFondo para el Desarrollo del Coco, la Copra y la Palma Africana.0 aSerie Av; 40